[Event "AUTO-OPEN-4631"]
[Site "http://www.queenalice.com/game.php?id=1867144"]
[Date "2025.12.18"]
[Round "1"]
[White "SGF"]
[Black "askasl159"]
[Result "1-0"]
[WhiteElo "1788"]
[BlackElo "1666"]

1. e4 e5 2. Qf3 Nc6 3. c3 Nf6 4. d3 h6 5. Be2 b6 6. a4 Bb7 7. b4 d5 8. exd5 Nxd5
9. b5 Na5 10. Qg3 Qf6 11. h4 Bd6 12. Qf3 Qxf3 13. Nxf3 Nb3 14. Ra2 Nxc1 15. Rb2
Nf4 16. Rg1 Ncxd3+ 17. Bxd3 Nxd3+ 18. Kd2 Nxb2 19. Re1 Bxf3 20. gxf3 O-O 21. Re4
a6 22. Kc2 f5 23. Re2 Nxa4 24. bxa6 Rxa6 25. Kb3 Nc5+ 26. Kc2 Ra2+ 27. Kd1 1-0

[Event "AUTO-OPEN-4631"]
[Site "http://www.queenalice.com/game.php?id=1867145"]
[Date "2025.12.18"]
[Round "1"]
[White "askasl159"]
[Black "SGF"]
[Result "0-1"]
[WhiteElo "1678"]
[BlackElo "1776"]

1. e4 e5 2. f4 Qf6 3. d3 exf4 4. Nf3 d6 5. h3 Be7 6. Nc3 c6 7. d4 g5 8. b3 h5 9.
e5 dxe5 10. dxe5 Qe6 11. Bc4 Qf5 12. Bd3 Qe6 13. Bc4 Qf5 14. Bb2 b5 15. Bd3 Qe6
16. Ne4 a5 17. Nfxg5 Bxg5 18. Nxg5 Qd5 19. Qe2 Nd7 20. O-O-O f6 21. Bg6+ Ke7 22.
exf6+ Kd6 23. Rxd5+ cxd5 0-1

[Event "AUTO-OPEN-4631"]
[Site "http://www.queenalice.com/game.php?id=1867172"]
[Date "2025.12.18"]
[Round "1"]
[White "rmvwoods"]
[Black "askasl159"]
[Result "1-0"]
[WhiteElo "2078"]
[BlackElo "1859"]

1. e4 e5 2. Nf3 Nc6 3. Bb5 Nge7 4. Nc3 g6 5. d3 Bg7 6. Bg5 O-O 7. Qd2 a6 8. Ba4
b5 9. Bb3 Bb7 10. h4 Na5 11. h5 Nxb3 12. axb3 d5 13. exd5 Qd7 14. hxg6 fxg6 15.
Bh6 Bxh6 16. Qxh6 Nf5 17. Nxe5 Qd6 18. Qxh7# 1-0

[Event "AUTO-OPEN-4631"]
[Site "http://www.queenalice.com/game.php?id=1867173"]
[Date "2025.12.18"]
[Round "1"]
[White "askasl159"]
[Black "rmvwoods"]
[Result "0-1"]
[WhiteElo "1586"]
[BlackElo "2049"]

1. e4 e5 2. f4 exf4 3. Nf3 g5 4. h3 d6 5. d4 Bg7 6. Bc4 Qe7 7. Nc3 Nc6 8. a3 Bd7
9. Qe2 Nxd4 10. Nxd4 Bxd4 11. Bd2 O-O-O 12. Nd5 Qe5 13. c3 Bb6 14. O-O-O Nf6 15.
Nxf6 Qxf6 16. Qf3 Be6 17. Bxe6+ fxe6 18. g3 e5 19. gxf4 exf4 20. Be1 h5 21. Rh2
Kb8 22. c4 Bd4 23. Rd3 Bxb2+ 24. Kb1 Be5 25. Kc2 Bd4 26. Bb4 Ba1 27. Rb3 Bd4 28.
e5 Qf5+ 29. Kd2 Be3+ 30. Kd1 dxe5+ 31. Ke1 g4 32. hxg4 hxg4 33. Rxh8 Rxh8 34.
Qg2 f3 35. Qf1 Qf4 36. c5 g3 37. c6 g2 38. Bc5 Rh1 0-1

[Event "AUTO-OPEN-4631"]
[Site "http://www.queenalice.com/game.php?id=1867190"]
[Date "2025.12.18"]
[Round "1"]
[White "ChessColossos"]
[Black "askasl159"]
[Result "1-0"]
[WhiteElo "1596"]
[BlackElo "1649"]

1. e4 e5 2. Nf3 Nc6 3. d4 exd4 4. Nxd4 Nge7 5. Nxc6 Nxc6 6. Bb5 Ne5 7. O-O Bc5
8. Re1 O-O 9. Be3 a6 10. Bxc5 d6 11. Bxd6 Qxd6 12. Qxd6 cxd6 13. Ba4 b5 14. Bb3
1-0

[Event "Let's Play Chess!"]
[Site "http://www.queenalice.com/game.php?id=1867255"]
[Date "2025.12.20"]
[Round "-"]
[White "alow_proton"]
[Black "askasl159"]
[Result "1-0"]
[WhiteElo "2091"]
[BlackElo "1506"]

1. e4 e5 2. f4 Bc5 3. Nf3 exf4 4. d4 Bb6 5. Bxf4 Nf6 6. e5 Nd5 7. Bg5 Ne7 8. c4
O-O 9. Bxe7 Qxe7 10. a3 d6 11. Be2 1-0

[Event "AUTO-ADV-4909"]
[Site "http://www.queenalice.com/game.php?id=1867261"]
[Date "2025.12.19"]
[Round "1"]
[White "maurice916"]
[Black "askasl159"]
[Result "1-0"]
[WhiteElo "2028"]
[BlackElo "1682"]

1. Nf3 g6 2. c4 Bg7 3. d4 Nf6 4. Nc3 d5 5. e3 b6 6. b3 Bb7 7. Be2 O-O 8. Bb2 Ne4
9. O-O dxc4 10. bxc4 Nd7 11. Rb1 e5 12. d5 Ndc5 13. Nxe4 Nxe4 14. Bd3 Nc5 15.
Bc2 e4 16. Nd4 Re8 17. Qe2 Re7 18. Ba3 1-0

[Event "AUTO-ADV-4909"]
[Site "http://www.queenalice.com/game.php?id=1867262"]
[Date "2025.12.19"]
[Round "1"]
[White "askasl159"]
[Black "maurice916"]
[Result "0-1"]
[WhiteElo "1680"]
[BlackElo "2030"]

1. e4 c6 2. d4 d5 3. e5 Bf5 4. Nf3 h5 5. Bd3 Bxd3 6. Qxd3 e6 7. O-O c5 8. dxc5
Bxc5 9. Be3 Nd7 10. Bxc5 Nxc5 11. Qb5+ Nd7 12. c4 dxc4 13. Qxc4 Rc8 14. Qd4 Nb6
15. Qxd8+ Rxd8 16. Nc3 Ne7 17. Nb5 a6 18. Nc7+ Kf8 19. Rfd1 Rxd1+ 0-1

[Event "AUTO-ADV-4909"]
[Site "http://www.queenalice.com/game.php?id=1867277"]
[Date "2025.12.19"]
[Round "1"]
[White "juim"]
[Black "askasl159"]
[Result "0-1"]
[WhiteElo "1625"]
[BlackElo "1584"]

1. e4 e5 2. d4 exd4 3. Qxd4 Nc6 4. Qe3 g6 5. Qc3 Nf6 6. Bd3 Bg7 7. Qa3 d5 8. Bg5
h6 9. exd5 Qxd5 10. Nf3 Bf8 11. Qc3 Ne4 12. Qc4 Qxc4 13. Bxc4 hxg5 14. O-O g4
15. Nh4 Bg7 16. Bd3 Rxh4 17. Bxe4 Bxb2 18. Nd2 Bxa1 19. Rxa1 Nd4 20. Re1 Be6 21.
Bxb7 Rd8 22. g3 Rh5 23. c3 Nf3+ 24. Nxf3 gxf3 25. Bxf3 Rc5 26. a4 Rxc3 27. Bg4
Rd6 28. f4 f5 29. Be2 Kf7 30. Rb1 Rb6 31. Rd1 Rd6 32. Rb1 Rb6 33. Rd1 Rb2 34.
Bb5 c6 35. Bf1 Bd5 36. Bg2 Rcc2 37. Bxd5+ cxd5 38. Rxd5 Rg2+ 39. Kf1 Rxh2 40.
Kg1 Rhg2+ 41. Kf1 Rxg3 42. Rd7+ Kg8 43. Rxa7 Rf3+ 44. Ke1 Rxf4 0-1

[Event "AUTO-ADV-4909"]
[Site "http://www.queenalice.com/game.php?id=1867278"]
[Date "2025.12.19"]
[Round "1"]
[White "askasl159"]
[Black "juim"]
[Result "0-1"]
[WhiteElo "1578"]
[BlackElo "1658"]

1. e4 d5 2. exd5 Qxd5 3. Nf3 e6 4. Nc3 Qd8 5. Bc4 Bb4 6. Ne4 Ne7 7. c3 Ba5 8. b4
Bb6 9. d4 O-O 10. Bf4 a6 11. Bb3 Nec6 12. Ne5 Nxe5 13. Bxe5 Nc6 14. Qg4 f6 15.
Bf4 Kh8 16. O-O e5 17. dxe5 Bxg4 18. exf6 gxf6 19. Rfd1 Bxd1 20. Rxd1 Qe8 0-1

[Event "AUTO-ADV-4909"]
[Site "http://www.queenalice.com/game.php?id=1867287"]
[Date "2025.12.19"]
[Round "1"]
[White "Connor"]
[Black "askasl159"]
[Result "0-1"]
[WhiteElo "1837"]
[BlackElo "1523"]

1. d4 d5 2. e3 Nc6 3. Nf3 g6 4. c4 Nf6 5. Nc3 Bg7 6. a3 O-O 7. Rb1 Bf5 8. Ra1
dxc4 9. Bxc4 Na5 10. Bd3 Bxd3 11. Qxd3 Nb3 12. Rb1 Nd5 13. Nxd5 Qxd5 14. O-O e5
15. Nxe5 Bxe5 0-1

[Event "AUTO-ADV-4909"]
[Site "http://www.queenalice.com/game.php?id=1867288"]
[Date "2025.12.19"]
[Round "1"]
[White "askasl159"]
[Black "Connor"]
[Result "1-0"]
[WhiteElo "1552"]
[BlackElo "1808"]

1. e4 e5 2. f4 exf4 3. Nf3 d6 4. d4 Bg4 5. Bxf4 Nc6 6. Bc4 Be7 7. O-O Nf6 8. Nc3
a6 9. a3 b5 10. Ba2 Qb8 11. h3 Bxf3 12. Rxf3 O-O 13. e5 dxe5 14. dxe5 Ne8 15.
Nd5 Qd8 16. c4 bxc4 17. Bxc4 Bc5+ 18. Kh1 Bd4 19. Rd3 1-0

[Event "AUTO-OPEN-4568"]
[Site "http://www.queenalice.com/game.php?id=1868731"]
[Date "2026.1.31"]
[Round "3"]
[White "delphicoracle"]
[Black "askasl159"]
[Result "1-0"]
[WhiteElo "2669"]
[BlackElo "1588"]

1. e4 e5 2. Nf3 Nc6 3. d4 exd4 4. Bc4 h6 5. O-O Bc5 6. c3 dxc3 7. Bxf7+ Ke7 8.
Bb3 cxb2 9. Bxb2 Nf6 10. e5 Ne4 11. Qd5 Bxf2+ 12. Rxf2 Rf8 13. Qxe4 1-0

[Event "AUTO-OPEN-4568"]
[Site "http://www.queenalice.com/game.php?id=1868732"]
[Date "2026.1.31"]
[Round "3"]
[White "askasl159"]
[Black "delphicoracle"]
[Result "0-1"]
[WhiteElo "1653"]
[BlackElo "2673"]

1. e4 Nf6 2. Nc3 d5 3. exd5 Nxd5 4. Nxd5 Qxd5 5. Nf3 Nc6 6. d4 Bg4 7. c4 Qf5 8.
Bd3 Bxf3 9. Qxf3 Qxf3 10. gxf3 Nxd4 11. f4 O-O-O 12. Be3 g6 13. O-O-O Bg7 14.
Bxd4 Rxd4 15. f5 Rhd8 16. Be2 gxf5 17. h4 Bf6 18. Kc2 Rxd1 19. Bxd1 Rd4 20. b3
Rxh4 21. Rxh4 Bxh4 22. f3 Kd7 23. Kd3 Kd6 24. Kd4 Bf2+ 25. Kd3 Ke5 26. a4 Kf4
27. b4 h5 28. Be2 h4 29. Bf1 Kxf3 30. c5 e5 31. Bh3 e4+ 32. Kd2 e3+ 33. Kd3 e2
0-1

[Event "AUTO-OPEN-4638"]
[Site "http://www.queenalice.com/game.php?id=1869053"]
[Date "2026.2.10"]
[Round "1"]
[White "Jsc"]
[Black "askasl159"]
[Result "0-1"]
[WhiteElo "1828"]
[BlackElo "1600"]

1. e4 e5 2. Nf3 Nc6 3. d4 exd4 4. Nxd4 Nge7 5. c3 g6 6. Be3 Bg7 7. Be2 O-O 8.
Na3 a6 9. Nac2 b5 10. a3 Bb7 11. f3 d5 12. exd5 Nxd5 13. Bf2 Nf4 14. O-O Re8 15.
Nxc6 Nxe2+ 0-1

[Event "AUTO-OPEN-4638"]
[Site "http://www.queenalice.com/game.php?id=1869082"]
[Date "2026.2.10"]
[Round "1"]
[White "Tonto"]
[Black "askasl159"]
[Result "1-0"]
[WhiteElo "2022"]
[BlackElo "1602"]

1. e4 e5 2. Nf3 Nc6 3. Be2 Bc5 4. Nc3 Nf6 5. d3 O-O 6. Be3 Bxe3 7. fxe3 d5 8.
exd5 Nxd5 9. Ne4 Bf5 10. Qd2 Bxe4 11. dxe4 Nf6 12. Qc3 Nxe4 13. Qb3 Na5 14. Qb4
Qd5 15. Rd1 Qc5 16. Qxe4 Rfd8 17. O-O Nc6 18. Ng5 g6 19. Nxh7 Kxh7 20. Rxf7+ Kg8
21. Qxg6+ 1-0

[Event "AUTO-ADV-4882"]
[Site "http://www.queenalice.com/game.php?id=1869524"]
[Date "2026.2.21"]
[Round "2"]
[White "askasl159"]
[Black "Zero007"]
[Result "0-1"]
[WhiteElo "1625"]
[BlackElo "2173"]

1. e4 e5 2. f4 exf4 3. Nf3 g5 4. b3 Bg7 5. d4 g4 6. Ng1 Qh4+ 7. Ke2 f3+ 8. gxf3
gxf3+ 9. Nxf3 Qxe4+ 10. Be3 Nc6 11. Nc3 Nxd4+ 12. Kf2 Qxf3+ 13. Qxf3 Nxf3 14.
Kxf3 Bxc3 15. Rd1 d6 16. Rd3 Be5 17. Bf4 Bxf4 18. Kxf4 Be6 19. Re3 Nf6 20. Bh3
Nd5+ 21. Kf3 Nxe3 22. Bxe6 fxe6 23. Kxe3 Ke7 24. Rg1 Rag8 0-1

[Event "AUTO-ADV-4882"]
[Site "http://www.queenalice.com/game.php?id=1869525"]
[Date "2026.2.21"]
[Round "2"]
[White "Zero007"]
[Black "askasl159"]
[Result "0-1"]
[WhiteElo "2174"]
[BlackElo "1623"]

1. e4 e5 2. Nf3 Nc6 3. Bb5 Nge7 4. Nc3 g6 5. d3 Bg7 6. Be3 a6 7. Ba4 b5 8. Bb3
O-O 9. a4 Bb7 10. axb5 axb5 11. Nxb5 Na5 12. Ba2 d5 13. exd5 Bxd5 14. Bxd5 Nxd5
15. Bc5 e4 16. Bxf8 exf3 17. Bxg7 fxg2 18. Rg1 Qe8+ 19. Qe2 Qxb5 20. Bd4 Re8 21.
Qxe8+ Qxe8+ 22. Kd2 Nc6 23. Bc5 Nf4 24. Rae1 Ne5 25. Kc1 Nexd3+ 0-1